000 00400nam a2200169Ia 4500
008 230524s9999 xx 000 0 und d
020 _a0195680014
082 _a502.85
_bPRA
100 _aRudra Pratap
245 0 _aGetting Started with MATLAB 7
250 _aIST
260 _aNEW DELHI
_bOxford
_c2006
300 _aX;236
500 _aQuantity Number: 30
650 _aComp-Sc
942 _cBK
999 _c37465
_d37465